[Event "TCh-SLO"]
[Site "Celje SLO"]
[Date "2004.12.05"]
[Round "9"]
[White "Volokitin,And"]
[Black "Beliavsky,A"]
[Result "1/2-1/2"]
[WhiteElo "2652"]
[BlackElo "2660"]

1.e4 e5 2.Nf3 Nc6 3.Bb5 a6 4.Ba4 Nf6 5.O-O b5 6.Bb3 Bb7 7.Nc3 Be7 8.d3 d6
9.Bd2 Na5 10.Bd5 O-O 11.Bxb7 Nxb7 12.Re1 c6 13.d4 Qc7 14.Bg5 Rac8 15.a3 Kh8
16.Qd3 Ng8 17.Rad1 Bxg5 18.Nxg5 Nf6 19.Qh3 Rcd8 20.f4 h6 21.Nf3  1/2-1/2

[Event "Bykova Mem"]
[Site "Vladimir RUS"]
[Date "2004.12.12"]
[Round "6"]
[White "Komiagina,M"]
[Black "Shukurova,M"]
[Result "1-0"]
[WhiteElo "2312"]
[BlackElo "2281"]

1.e4 e5 2.Nf3 Nc6 3.Bb5 a6 4.Ba4 Nf6 5.O-O b5 6.Bb3 Bb7 7.Re1 Bc5 8.c3 Bb6
9.d4 d6 10.Be3 h6 11.a4 exd4 12.Nxd4 Nxd4 13.cxd4 O-O 14.a5 Ba7 15.f3 c5
16.d5 Nd7 17.Qd2 Ne5 18.h3 Qh4 19.Bf2 c4 20.Bxa7 Rxa7 21.Bc2 Qg3 22.Rf1 Raa8
23.f4 Nd7 24.Nc3 Qh4 25.Rae1 Rae8 26.Ne2 Nc5 27.Nd4 Bc8 28.Qc3 Qd8 29.Kh1 Qc7
30.b4 cxb3 31.Nxb3 Bb7 32.Nd4 g6 33.Qg3 Nd7 34.Rc1 Nf6 35.e5 Nh5 36.Qg4 Bc8
37.e6 Qc3 38.exf7+ Rxf7 39.Qxg6+ Kf8 40.Qxh6+ Ng7 41.Qh8+ Ke7 42.Rfe1+ Kd7
43.Bf5+ Rxf5 44.Qxg7+  1-0

[Event "Harmonie"]
[Site "Groningen NED"]
[Date "2004.12.21"]
[Round "1"]
[White "Zhigalko,A"]
[Black "Van der Wiel,J"]
[Result "0-1"]
[WhiteElo "2515"]
[BlackElo "2493"]

1.e4 e5 2.Nf3 Nc6 3.Bb5 a6 4.Ba4 Nf6 5.O-O b5 6.Bb3 Bb7 7.d3 Be7 8.Nc3 O-O
9.Bd2 d6 10.a4 Na5 11.Ba2 b4 12.Nd5 Nxd5 13.exd5 c5 14.c3 b3 15.Bxb3 Nxb3
16.Qxb3 Rb8 17.Rab1 Qd7 18.Rfe1 Ba8 19.Qa2 Qf5 20.Qc4 Qd7 21.d4 cxd4 22.cxd4 Rfc8
23.Qd3 f6 24.Bc3 Qxa4 25.dxe5 fxe5 26.Qf5 Qe8 27.Rbd1 Qf7 28.Qd7 Rc5 29.Bxe5 Rd8
30.Qg4 Bxd5 31.Qxg7+ Qxg7 32.Bxg7 Bxf3 33.Rd3 Be4 34.Rg3 Bg6 35.Bd4 Rc4 36.Bb6 Rb8
37.b3 Rc2 38.Ba5 Bf6  0-1

[Event "Open"]
[Site "Lindsborg USA"]
[Date "2004.12.22"]
[Round "9"]
[White "Zatonskih,A"]
[Black "Muhammad,S"]
[Result "1-0"]
[WhiteElo "2440"]
[BlackElo "2387"]

1.e4 e5 2.Nf3 Nc6 3.Bb5 a6 4.Ba4 Nf6 5.O-O b5 6.Bb3 Bb7 7.d3 Bc5 8.a4 O-O
9.Nc3 b4 10.Nd5 h5 11.c3 bxc3 12.bxc3 d6 13.a5 Ba7 14.Be3 Nxd5 15.Bxd5 Bxe3
16.fxe3 Nxa5 17.Rxa5 c6 18.Bxf7+ Rxf7 19.Qb3 d5 20.Raa1 Re7 21.Nxe5 Rxe5
22.Qxb7 dxe4 23.d4 Re7 24.Qxc6 Rc8 25.Qxa6 Rxc3 26.Qa2+ Kh7 27.Qf2 Qd5 28.h4 Rec7
29.Qf4 Re7 30.Ra6 Rcc7 31.Rd6 Qc4 32.Rb1 g6 33.Rb8 Rf7 34.Rf6 Rxf6 35.Qxf6  1-0

[Event "21st Open"]
[Site "Boeblinger GER"]
[Date "2004.12.29"]
[Round "6"]
[White "Klein,Fe"]
[Black "Swinkels,R"]
[Result "0-1"]
[WhiteElo "2125"]
[BlackElo "2231"]

1.e4 e5 2.Nf3 Nc6 3.Bb5 a6 4.Ba4 Nf6 5.O-O b5 6.Bb3 Bb7 7.c3 Nxe4 8.Re1 Nc5
9.Nxe5 Nxe5 10.Rxe5+ Ne6 11.d4 Bd6 12.Re1 Qh4 13.h3 O-O-O 14.Qg4 Qxg4 15.hxg4 h5
16.Bd1 hxg4 17.Bxg4 Rh2 18.Bh3 Rh8 19.Kf1 R8xh3 20.gxh3 Bf3  0-1

[Event "Open A"]
[Site "Bethune FRA"]
[Date "2004.12.30"]
[Round "7"]
[White "Korneev,O"]
[Black "Solleveld,Maa"]
[Result "1-0"]
[WhiteElo "2583"]
[BlackElo "2468"]

1.e4 e5 2.Nf3 Nc6 3.Bb5 a6 4.Ba4 Nf6 5.O-O b5 6.Bb3 Bb7 7.c3 Nxe4 8.d4 Na5
9.Bc2 exd4 10.Nxd4 c5 11.Nf5 d5 12.Nd2 g6 13.Ng3 Nxg3 14.fxg3 Be7 15.Nf3 O-O
16.Bh6 Re8 17.Ne5 f5 18.Bxf5 Bg5 19.Qg4 Rxe5 20.Bxg5 Qb6 21.Bd7 c4+ 22.Kh1 d4
23.Rf6 Qc5 24.Be6+ Kh8 25.Rxg6 hxg6 26.Qh4+ Kg7 27.Qh6+  1-0

[Event "Open A"]
[Site "Krakow POL"]
[Date "2004.12.30"]
[Round "4"]
[White "Szoen,D"]
[Black "Mueller,Matt1"]
[Result "1/2-1/2"]
[WhiteElo "2441"]
[BlackElo "2362"]

1.e4 e5 2.Nf3 Nc6 3.Bb5 a6 4.Ba4 Nf6 5.O-O b5 6.Bb3 Bb7 7.d3 Bd6 8.a3 O-O
9.Nc3 h6 10.Ne2 Re8 11.Ng3 Bf8 12.Re1 d5 13.exd5 Nxd5 14.Nf5 Qd7 15.N3h4 Kh7
16.c3 Rad8 17.Bc2 g6 18.Ne3 Bg7 19.Nxd5 Qxd5 20.Qg4 Ne7 21.Qg3 Bf8 22.Qf3 Qxf3
23.Nxf3 Nf5 24.h3 Bg7 25.Nd2 Nh4 26.f3 f5 27.Kf2 g5 28.Nb3 Kh8 29.Be3 Bf8
30.Bc5 Bd6 31.a4 Bd5 32.Bxd6 cxd6 33.axb5 axb5 34.Ra5 Bc6 35.Ra6 Bd5 36.Rb6 g4
37.hxg4 fxg4 38.Rh1 Nxg2 39.Rxh6+ Kg7 40.Rbxd6 Rxd6 41.Rxd6 Bxf3 42.Nd2 Ba8
43.Bd1 Rf8+ 44.Kg3 Ne3 45.Bxg4 Nxg4 46.Kxg4 Rf2 47.Ne4 Bxe4 48.dxe4 Kf7 49.Rb6 Rxb2
50.Kf5 Rc2 51.Kxe5 Rxc3 52.Rb7+ Ke8 53.Kd6 Ra3 54.Rb6 Kf7 55.Ke5 b4 56.Kf5 Rf3+
57.Ke5 Ra3 58.Rb7+ Ke8 59.Kf5 Ra6 60.e5 b3 61.Rxb3 Ke7 62.Rb7+ Ke8 63.Rh7 Rb6
64.Ra7 Kf8 65.Ke4 Ke8 66.Kd5 Kf8 67.Rd7 Ke8 68.Rd6 Rb1 69.Ra6 Ke7 70.Ra7+ Ke8
71.Kc6 Rd1  1/2-1/2

[Event "FINEC WGM"]
[Site "St Petersburg RUS"]
[Date "2005.01.30"]
[Round "4"]
[White "Korbut,E"]
[Black "Martynuk,T"]
[Result "1-0"]
[WhiteElo "2417"]
[BlackElo "2187"]

1.e4 e5 2.Nf3 Nc6 3.Bb5 a6 4.Ba4 Nf6 5.O-O b5 6.Bb3 Bb7 7.c3 Be7 8.Re1 O-O
9.d4 d6 10.Nbd2 Re8 11.a3 Bf8 12.Ba2 h6 13.Qc2 Nh5 14.Nf1 Qf6 15.Ne3 Nf4
16.Nd5 Nxd5 17.exd5 Na5 18.dxe5 dxe5 19.Qe4 c6 20.Nxe5 cxd5 21.Qf4 Qe6 22.Qe3 Bd6
23.Nf3 Qd7 24.Qd3 Re4 25.Be3 Nc4 26.b3 Nxe3 27.Rxe3 Rae8 28.b4 Qf5 29.Rae1 Bf4
30.Rxe4 dxe4 31.Qd4 e3 32.Bb1 Qg4 33.h3 exf2+ 34.Qxf2 Qd7 35.Nd4 Be5 36.Kf1 Bd5
37.Bd3 Qc7 38.Nf3 Bxf3 39.Qxf3 Re6 40.Qa8+ Qb8 41.Qxb8+ Bxb8 42.Rxe6 fxe6
43.Ke2 Be5 44.Kd2 Kf7 45.Be4 Ke7 46.Bb7 Kd6 47.Bxa6 Kc6 48.Kc2 Bf4 49.Bc8 e5
50.Bf5 Kd5 51.Bd7 Ke4 52.Bxb5 Ke3 53.a4 e4 54.Bc6 Bb8 55.a5 Kf4 56.b5 e3
57.b6 Kg3 58.Bf3  1-0

[Event "Bundesliga 2004-5"]
[Site "Neukoelln GER"]
[Date "2005.02.13"]
[Round "11"]
[White "Berndt,S"]
[Black "Beliavsky,A"]
[Result "1/2-1/2"]
[WhiteElo "2438"]
[BlackElo "2660"]

1.e4 e5 2.Nf3 Nc6 3.Bb5 a6 4.Ba4 Nf6 5.O-O b5 6.Bb3 Bb7 7.d3 Be7 8.Nc3 O-O
9.Re1 d6 10.a3 Nb8 11.Nd5 Nxd5 12.Bxd5 Bxd5 13.exd5 Nd7 14.d4 e4 15.Rxe4 Nf6
16.Re2 Nxd5 17.Qd3 Bf6 18.Bd2 Qd7 19.Rae1 g6 20.Ng5 Bxg5 21.Bxg5 Rfe8 22.h4 Rxe2
23.Qxe2 h5 24.Qe4 c6 25.f3 Kg7 26.b3 Rb8 27.c4 bxc4 28.bxc4 Nc7 29.d5 Re8
30.dxc6 Rxe4 31.cxd7 Rxe1+ 32.Kf2 Re8 33.d8=Q Rxd8 34.Bxd8 Ne6 35.Be7 Nd4
36.Bxd6 Kf6 37.g4 Ke6 38.Bf8 Nc6 39.gxh5 gxh5 40.Ke3 Ne5 41.Bb4 Nxc4+ 42.Kf4 f6
43.Ke4 a5 44.Bc3 a4 45.Bb4 Ne5 46.Bc3 Ng6 47.Be1 f5+ 48.Ke3 Kd5 49.Bg3 Kc4
50.Be1 Kd5 51.Bg3 Kc5 52.Bf2 Kc4 53.Be1 Kb3 54.Bb4 Kc2 55.Be1 Kc1 56.Ba5 Kd1
57.Bc3 Nxh4 58.Kf4 Ke2 59.Bf6 Ng2+ 60.Kxf5 Kxf3 61.Ke5 Ne3 62.Kd4 Kf4 63.Kc5 Kf5
64.Bd8 Nc2 65.Kb5 Nxa3+ 66.Kxa4 Nc4 67.Kb4 Ne5 68.Kc3 Nf7 69.Be7 Ng5 70.Bxg5  1/2-1/2

[Event "Aeroflot Open B"]
[Site "Moscow RUS"]
[Date "2005.02.20"]
[Round "6"]
[White "Mamedov,Rau"]
[Black "Belozerov,A"]
[Result "1/2-1/2"]
[WhiteElo "2494"]
[BlackElo "2546"]

1.e4 e5 2.Nf3 Nc6 3.Bb5 a6 4.Ba4 Nf6 5.O-O b5 6.Bb3 Bb7 7.c3 Nxe4 8.d4 Na5
9.Bc2 exd4 10.Nxd4 c5 11.Nf5 d5 12.Re1 Qd7 13.f3 Qxf5 14.fxe4 dxe4 15.Nd2 O-O-O
16.Qe2 Bd6 17.Nxe4 Bxe4 18.Bxe4 Qe5 19.g3 f5 20.Bc2 Qxe2 21.Bxf5+ Kc7 22.Rxe2 Rhe8
23.Rxe8 Rxe8 24.Bxh7 Re1+ 25.Kf2 Rh1 26.Kg2 Re1 27.h4 Nc4 28.Kf2 Rh1 29.Be4 Rh3
30.b3 Bxg3+ 31.Kg2 Rxh4 32.Kxg3 Rxe4 33.bxc4 Rxc4 34.Bd2 b4 35.Rc1 bxc3 36.Bxc3 Kc6
37.Kf3 g5 38.Ke3 g4 39.a3 g3 40.Kf3 Kb5 41.Rb1+ Ka4 42.Be1 Kxa3 43.Ra1+ Kb3
44.Rxa6 Rc1 45.Bxg3 c4 46.Rb6+ Kc2 47.Bf4 Re1 48.Be3 c3  1/2-1/2

[Event "XI Anibal Open"]
[Site "Linares ESP"]
[Date "2005.03.01"]
[Round "5"]
[White "Fernandez Calzada,J"]
[Black "Navarro,R"]
[Result "0-1"]
[WhiteElo "1970"]
[BlackElo "2241"]

1.e4 e5 2.Nf3 Nc6 3.Bb5 a6 4.Ba4 Nf6 5.O-O b5 6.Bb3 Bb7 7.d3 h6 8.c3 Be7
9.Be3 O-O 10.Nbd2 d5 11.exd5 Nxd5 12.Ne4 Kh8 13.Bc5 Nf4 14.Bc2 f5 15.Bxe7 Qxe7
16.Ng3 Rad8 17.Qb1 Qf6 18.Re1 Ne7 19.Re3 Nxg2 20.Kxg2 f4 21.d4 fxe3 22.Be4 Bxe4
23.Qxe4 exd4 24.fxe3 dxc3 25.bxc3 Nf5 26.Ne5 Rd2+ 27.Kh3 Qe6 28.Rf1 Nxg3+
29.Kxg3 Rxf1 30.Ng6+ Qxg6+  0-1

[Event "ch-RUS u20"]
[Site "Nojabrsk RUS"]
[Date "2005.03.06"]
[Round "5"]
[White "Alekseev,Evgeny"]
[Black "Riazantsev,A"]
[Result "1-0"]
[WhiteElo "2605"]
[BlackElo "2596"]

1.e4 e5 2.Nf3 Nc6 3.Bb5 a6 4.Ba4 Nf6 5.O-O b5 6.Bb3 Bb7 7.Re1 Bc5 8.c3 d6
9.d4 Bb6 10.Be3 O-O 11.Nbd2 h6 12.h3 Re8 13.d5 Ne7 14.Bxb6 cxb6 15.a4 bxa4
16.Bxa4 b5 17.Bc2 Rc8 18.Bd3 Nd7 19.c4 Nc5 20.Bf1 f5 21.exf5 bxc4 22.Nxc4 Bxd5
23.b4 Ne4 24.Rxe4 Bxe4 25.Nxd6 Bxf3 26.gxf3 Rf8 27.Qb3+ Kh7 28.Nxc8 Nxc8
29.Bd3 Kh8 30.Rxa6 Nb6 31.Kf1 Nd5 32.Be4 Qc8 33.Ra1 Nf4 34.b5 Qc5 35.b6 Nxh3
36.Qb2 Qc4+ 37.Kg2 Nf4+ 38.Kg1 Qf7 39.Qxe5 Nh3+ 40.Kg2 Qh5 41.Rh1  1-0

[Event "ch-RUS u20"]
[Site "Nojabrsk RUS"]
[Date "2005.03.11"]
[Round "10"]
[White "Timofeev,Arty"]
[Black "Tomashevsky,E"]
[Result "1/2-1/2"]
[WhiteElo "2619"]
[BlackElo "2540"]

1.e4 e5 2.Nf3 Nc6 3.Bb5 a6 4.Ba4 Nf6 5.O-O b5 6.Bb3 Bb7 7.Re1 Bc5 8.c3 d6
9.d4 Bb6 10.Be3 O-O 11.Nbd2 h6 12.h3 Rb8 13.a3 Re8 14.Bc2 Na7 15.Qb1 Nc8
16.b4 Ne7 17.Nf1 Ng6 18.Ng3 Bc6 19.a4  1/2-1/2

[Event "Spring Open"]
[Site "Belgrade SCG"]
[Date "2005.03.30"]
[Round "6"]
[White "Vujosevic,D"]
[Black "Djurdjevic,P"]
[Result "0-1"]
[WhiteElo "2097"]
[BlackElo "2056"]

1.e4 e5 2.Nf3 Nc6 3.Bb5 a6 4.Ba4 Nf6 5.O-O b5 6.Bb3 Bb7 7.Ng5 d5 8.exd5 Nd4
9.Re1 Nxb3 10.Rxe5+ Be7 11.axb3 O-O 12.Re1 Nxd5 13.Nf3 Nf4 14.d4 Ne6 15.c3 c5
16.Be3 Qd7 17.Nbd2 Rfd8 18.Qe2 Bf8 19.Rad1 Qc6 20.dxc5 Nxc5 21.Bxc5 Bxc5
22.b4 Bb6 23.Nb3 Re8 24.Qf1 Qg6 25.Nbd4 Rad8 26.Re3 Rxe3 27.fxe3 Re8 28.Qf2 Bc7
29.Re1 Re4 30.Kf1 h5 31.g3 Qg4 32.Ke2 g6 33.Kd2 Re7 34.Rf1 Bd5 35.b3 Be4
36.Qe2 Kg7 37.Ne1 Qd7 38.Nd3 Bd6 39.Nc5 Bxc5 40.bxc5 Qd5 41.b4 Qa2+ 42.Ke1 Qa1+
43.Kf2 Qxc3 44.Qa2 Qxb4 45.Rc1 Rc7 46.c6 a5 47.Qe2 a4 48.Qxb5 Qxb5 49.Nxb5 Rxc6
50.Rxc6 Bxc6 51.Na3 Kf6 52.Ke2 Kf5 53.Kf2 Ke4 54.Ke2 Bb7 55.Nb1 Ba6+ 56.Kd2 Kf3
57.Na3 Kg2 58.Ke1 Kxh2 59.Kf2 Kh3 60.Kf3 g5 61.Kf2 g4  0-1

[Event "Bundesliga 2005-6"]
[Site "Baden Baden GER"]
[Date "2005.04.02"]
[Round "15"]
[White "Jenni,F"]
[Black "Gschnitzer,O"]
[Result "1-0"]
[WhiteElo "2520"]
[BlackElo "2427"]

1.e4 e5 2.Nf3 Nc6 3.Bb5 a6 4.Ba4 Nf6 5.O-O b5 6.Bb3 Bb7 7.d3 Bc5 8.Nc3 d6
9.Nd5 h6 10.c3 O-O 11.a4 Re8 12.Ba2 Nb8 13.b4 Ba7 14.Nxf6+ Qxf6 15.Be3 Bb6
16.Bxb6 cxb6 17.axb5 axb5 18.Nd2 Nc6 19.Bd5 Rxa1 20.Qxa1 Ra8 21.Qb2 Qe7 22.Ra1 Rxa1+
23.Qxa1 Qc7 24.Qa2 Kf8 25.Nf1 Ne7 26.Bxb7 Qxb7 27.Ne3 Qc6 28.Qa7 Nc8 29.Qb8 Qxc3
30.g3 g6 31.Nd5 Qc6 32.h4 h5 33.Kh2 Kg7 34.Kg2 Kh7 35.Nc7 Qd7 36.Kf1 Kg7
37.Ke1 Kh7 38.Kd2 Kg7 39.Nd5 Qc6 40.f4 exf4 41.gxf4 Kf8 42.Nc7 Qd7 43.Kc3 Ke7
44.Nd5+ Kd8 45.Qa8 Qa7 46.Qxa7 Nxa7 47.Nxb6 Nc6 48.Nd5 Kd7 49.d4 Nb8 50.Ne3 Na6
51.d5 Nc7 52.Kd4 Na6 53.Nc2 Ke7 54.e5 f6 55.Ke4 f5+ 56.Kd4 Kd7 57.Na3 Nc7
58.Nb1 Na6 59.Nc3 Nc7 60.Ke3 Ke7 61.exd6+ Kxd6 62.Kd4 g5 63.fxg5 f4 64.Ne4+ Kd7
65.Nf6+ Kd6 66.g6 f3 67.g7 f2 68.g8=Q f1=Q 69.Qd8+  1-0

[Event "7th Open"]
[Site "Dubai UAE"]
[Date "2005.04.09"]
[Round "6"]
[White "Iordachescu,V"]
[Black "Wu Wenjin"]
[Result "1/2-1/2"]
[WhiteElo "2609"]
[BlackElo "2535"]

1.e4 e5 2.Nf3 Nc6 3.Bb5 a6 4.Ba4 Nf6 5.O-O b5 6.Bb3 Bb7 7.d3 Bd6 8.a4 O-O
9.Nc3 b4 10.Ne2 Bc5 11.Ng3 Re8 12.Ng5 d5 13.Bxd5 Nxd5 14.Qh5 Nd4 15.Qxh7+ Kf8
16.Qh8+ Ke7 17.Qxg7 Nf6 18.c3 Nc2 19.Qxf7+ Kd6 20.cxb4 Nxa1 21.Qc4 Kd7 22.bxc5 Bc6
23.Be3 Ng4 24.Nf3 Qb8 25.Rxa1 Qxb2 26.Rf1 Rab8 27.Qf7+ Kc8 28.Qg6 Nxe3 29.Qxc6 Nxf1
30.Qxe8+ Kb7 31.Qxe5 Qxe5 32.Nxe5 Nd2 33.f4 Nb3 34.c6+ Ka7 35.f5 a5 36.Nd7 Rb4
37.Ne2  1/2-1/2

[Event "ch-BLR U20"]
[Site "Minsk BLR"]
[Date "2005.04.10"]
[Round "3"]
[White "Zhigalko,S"]
[Black "Romanov,Vl2"]
[Result "1-0"]
[WhiteElo "2462"]
[BlackElo "2221"]

1.e4 e5 2.Nf3 Nc6 3.Bb5 a6 4.Ba4 Nf6 5.O-O b5 6.Bb3 Bb7 7.Re1 Bc5 8.c3 Bb6
9.d4 d6 10.Bg5 h6 11.Bh4 g5 12.Bg3 Qe7 13.a4 O-O 14.axb5 axb5 15.Rxa8 Bxa8
16.Na3 exd4 17.Nxb5 dxc3 18.Nxc3 g4 19.Nd5 Nxd5 20.exd5 Qf6 21.dxc6 gxf3
22.Bd5 Qxb2 23.Qxf3 Bd4 24.Bh4 Kh8 25.Be7 Rb8 26.Qxf7 Bg7 27.Bd8  1-0

[Event "ch-BLR U20"]
[Site "Minsk BLR"]
[Date "2005.04.14"]
[Round "7"]
[White "Khaiminov,A"]
[Black "Romanov,Vl2"]
[Result "1-0"]
[WhiteElo "2245"]
[BlackElo "2221"]

1.e4 e5 2.Nf3 Nc6 3.Bb5 a6 4.Ba4 Nf6 5.O-O b5 6.Bb3 Bb7 7.Qe2 Be7 8.c3 O-O
9.d4 d6 10.Rd1 Qc8 11.Nbd2 Qg4 12.h3 Qh5 13.Nf1 Qg6 14.Ng3 Nh5 15.Nf5 Bd8
16.d5 Na5 17.N5h4 Nf4 18.Bxf4  1-0

[Event "Torch Real Estate Cup"]
[Site "Jinan CHN"]
[Date "2005.04.22"]
[Round "3"]
[White "Wang Zili"]
[Black "Liang Chong"]
[Result "1/2-1/2"]
[WhiteElo "2501"]
[BlackElo "2524"]

1.e4 e5 2.Nf3 Nc6 3.Bb5 a6 4.Ba4 Nf6 5.O-O b5 6.Bb3 Bb7 7.Re1 Bc5 8.c3 d6
9.d4 Bb6 10.a4 O-O 11.Bg5 h6 12.Bh4 Qe7 13.axb5 axb5 14.Rxa8 Rxa8 15.Na3 Na5
16.Bc2 Nc4 17.Nxc4 bxc4 18.Qe2 Ra2 19.Bb1 Ra4 20.Bc2 Ra2 21.Bb1 Ra1 22.dxe5 dxe5
23.Qxc4 g5 24.Bg3 g4 25.Bd3 Rxe1+ 26.Nxe1 Nh5 27.Bc2 Nxg3 28.hxg3 h5 29.Qe2 Qg5
30.Bd1 Bc8 31.Nd3 h4 32.Kf1 hxg3 33.fxg3 Ba6 34.Ke1 Kf8 35.Bb3 Qh6 36.Kd1 Bxd3
37.Qxd3 Qh1+ 38.Kc2 Qxg2+ 39.Kb1 Kg7 40.Bd1 Bf2 41.Qe2  1/2-1/2

[Event "TCh-RUS w"]
[Site "Sochi RUS"]
[Date "2005.04.24"]
[Round "6"]
[White "Melnikova,Y"]
[Black "Slavina,I"]
[Result "1/2-1/2"]
[WhiteElo "2301"]
[BlackElo "2415"]

1.e4 e5 2.Nf3 Nc6 3.Bb5 a6 4.Ba4 Nf6 5.O-O b5 6.Bb3 Bb7 7.c3 Nxe4 8.d4 Na5
9.Bc2 exd4 10.Re1 d5 11.Nxd4 c5 12.f3 cxd4 13.fxe4 Be7 14.Qg4 g6 15.exd5 O-O
16.Bh6 Re8 17.Nd2 Qxd5 18.Be4 Qd8 19.Bxb7 Nxb7 20.cxd4 Nd6 21.Re5 Qb6 22.Rae1 Bf6
23.Rxe8+ Rxe8 24.Rxe8+ Nxe8 25.Be3 Nd6 26.Qf4 Nf5 27.Nf3 Qe6 28.Bf2 h5 29.b3 Qe2
30.h3 Qd1+ 31.Kh2 Qc2 32.Nd2 Be7 33.Ne4 Bd8 34.d5 Bc7 35.d6 Bxd6 36.Nxd6 Nxd6
37.Bd4 Ne8 38.Be5 f6 39.Bd4  1/2-1/2

[Event "Torch Real Estate Cup"]
[Site "Wuxi CHN"]
[Date "2005.05.08"]
[Round "7"]
[White "Ni Hua"]
[Black "Wu Kaiyu"]
[Result "1-0"]
[WhiteElo "2638"]
[BlackElo "2294"]

1.e4 e5 2.Nf3 Nc6 3.Bb5 a6 4.Ba4 Nf6 5.O-O b5 6.Bb3 Bb7 7.d3 Bc5 8.Nc3 d6
9.Be3 Bxe3 10.fxe3 Na5 11.Qe1 Nxb3 12.axb3 O-O 13.h3 Re8 14.Qg3 b4 15.Ne2 d5
16.Nxe5 Qd6 17.Ng4 Nxg4 18.Qxg4 dxe4 19.d4 Bc6 20.Ng3 Bd7 21.Qf4 Qxf4 22.Rxf4 a5
23.Rxe4 Rxe4 24.Nxe4 Bf5 25.Nd2 Bxc2 26.Rc1 Bd3 27.Rxc7 g6 28.Kf2 a4 29.bxa4 Rxa4
30.d5 Ra5 31.e4  1-0

[Event "Torch Real Estate Cup"]
[Site "Wuxi CHN"]
[Date "2005.05.09"]
[Round "8"]
[White "Yu Shaoteng"]
[Black "Xie Jianjun"]
[Result "1/2-1/2"]
[WhiteElo "2506"]
[BlackElo "2391"]

1.e4 e5 2.Nf3 Nc6 3.Bb5 a6 4.Ba4 Nf6 5.O-O b5 6.Bb3 Bb7 7.d3 Bd6 8.a3 O-O
9.Nc3 h6 10.Re1 Re8 11.Bd2 Bc5 12.Nd5 Nd4 13.Nxd4 Bxd4 14.c3 Bc5 15.Nxf6+ Qxf6
16.Be3 d6 17.Qh5 Re7 18.Rf1 Rf8 19.a4 Bc8 20.axb5 axb5 21.Bxc5 dxc5 22.f4 c4
23.dxc4 bxc4 24.Bxc4 exf4 25.Qf3 g5 26.g3 Qe5 27.Bd5 c6 28.gxf4 gxf4 29.Bb3 Qxe4
30.Qxf4 Qxf4 31.Rxf4 Rb7 32.Bc4 Rxb2 33.Rf6 Kg7 34.Raf1 Bh3 35.R1f2 Rxf2
36.Rxf2 Kg6 37.Rf3  1/2-1/2

[Event "Huila Centenary"]
[Site "Neiva COL"]
[Date "2005.05.11"]
[Round "3"]
[White "Zapata,A"]
[Black "Vittorino,C"]
[Result "1-0"]
[WhiteElo "2520"]
[BlackElo "2332"]

1.e4 e5 2.Nf3 Nc6 3.Bb5 a6 4.Ba4 Nf6 5.O-O b5 6.Bb3 Bb7 7.c3 Bc5 8.d4 Bb6
9.Re1 d6 10.Bg5 h6 11.Bh4 g5 12.Bg3 O-O 13.a4 Re8 14.dxe5 Nxe5 15.Nxe5 dxe5
16.Nd2 c5 17.Qe2 c4 18.Bc2 h5 19.Nf3 Ng4 20.h3 h4 21.Nxh4 Nxf2 22.Bxf2 Bxf2+
23.Qxf2 gxh4 24.Re3 Qg5 25.Rf1 Re7 26.Rf3 Rd8 27.Rxf7 Rd2 28.Rf5 Qh6 29.Rf8+ Kg7
30.Qf5  1-0

[Event "TCh-ROM A"]
[Site "Tusnad ROM"]
[Date "2005.05.22"]
[Round "2"]
[White "Lupulescu,C"]
[Black "Vajda,Al1"]
[Result "1/2-1/2"]
[WhiteElo "2546"]
[BlackElo "2442"]

1.e4 e5 2.Nf3 Nc6 3.Bb5 a6 4.Ba4 Nf6 5.O-O b5 6.Bb3 Bb7 7.d3 Be7 8.Nbd2 O-O
9.Re1 d6 10.a3 Qd7 11.Nf1 Rae8 12.Ng3 Bd8 13.Ba2 Ne7 14.b4 Ng6 15.Bb2 c5
16.c4 Bb6 17.Rc1 Bc8 18.Rc2 Qa7 19.h3 Bd7 20.Nf5 Qb8 21.Rd2 Bc6  1/2-1/2

[Event "Chigorin CC"]
[Site "St Petersburg RUS"]
[Date "2005.05.25"]
[Round "9"]
[White "Lanin,A"]
[Black "Sivokho,S"]
[Result "1-0"]
[WhiteElo "2407"]
[BlackElo "2475"]

1.e4 e5 2.Nf3 Nc6 3.Bb5 a6 4.Ba4 Nf6 5.O-O b5 6.Bb3 Bb7 7.d4 Nxd4 8.Nxd4 exd4
9.e5 Ne4 10.Qf3 Qe7 11.Nd2 Nc5 12.Bd5 Bxd5 13.Qxd5 c6 14.Qxd4 d5 15.exd6 Qxd6
16.Qg4 Qe6 17.Qg3 O-O-O 18.Nb3 Bd6 19.Qc3 Qf6 20.Qxf6 gxf6 21.Be3 Nxb3 22.axb3 Kb7
23.Rad1 Rhe8 24.Rd3 Be5 25.Rfd1 Rxd3 26.Rxd3 Kc8 27.c3 Rd8 28.Rxd8+ Kxd8
29.f4 Bd6 30.f5 Kd7 31.Kf2 Bc7 32.Bd4 Ke7 33.Kf3 Bd6 34.h3 Bc7 35.Kg4 Bd6
36.Be3 Kf8 37.Bh6+ Kg8 38.Kf3 Bc5 39.Ke4 Bd6 40.Kd4 Kh8 41.Ke4 Kg8 42.Be3 Bc7
43.Bc5 Kg7 44.Bd4 Bd8 45.Bc5 Bc7 46.Be7 Bb6 47.g4 Bc7 48.Bc5 Kg8 49.Kf3 Bd8
50.Kg3 Bc7+ 51.Kf2 Bd8 52.Bd6 Bb6+ 53.Kf3 Bd8 54.b4 Kg7 55.Ke4 Kg8 56.c4 Kg7
57.c5 Kg8 58.Kf4 Kg7 59.Kg3 Kg8 60.Kh4 Kg7 61.Kh5 Kg8 62.Kh6 a5 63.Kh5 axb4
64.b3 Kg7 65.Bf4 Be7 66.Be3 Kf8 67.Bd4 Kg8 68.g5 Bd8 69.Bxf6 Bc7 70.Be7 Be5
71.Kg4 Bd4 72.Kf4 Bc3 73.Ke4 Be1 74.Bd6 Bc3 75.Be5 Be1 76.Bd4 Bg3 77.Be3 Bh2
78.Bd2 Kf8 79.Bxb4 Bg1 80.Ke5 Bh2+ 81.Ke4 Bg1 82.Ba3 Bf2 83.Bb4 Ke7 84.Kf3 Bg1
85.Kg4 Kf8 86.Kh5 Be3 87.g6 hxg6+ 88.fxg6 Kg8 89.gxf7+ Kxf7 90.h4 Kf6 91.Kg4 Ke6
92.h5 Bh6 93.Be1 Be3 94.b4 Bh6 95.Bc3 Bc1 96.Bd4 Bd2 97.Bb2 Bh6 98.Bc3 Bc1
99.Be1 Bh6 100.Kf3 Kf5 101.Ke2 Kg4 102.Kd3 Kxh5 103.Ke4 Kg4 104.Ke5 Bf4+
105.Ke6 Kf3 106.Kd7 Ke2 107.Kxc6 Kxe1 108.Kxb5 Ke2 109.Kc4 Kf3 110.Kd5 Kg4
111.Ke6 Kf3 112.b5 Ke4 113.b6 Be3 114.b7  1-0

[Event "TCh-IRI"]
[Site "Tehran IRI"]
[Date "2005.06.09"]
[Round "4"]
[White "Melkumyan,H"]
[Black "Badjarani,I"]
[Result "1-0"]
[WhiteElo "2379"]
[BlackElo "2322"]

1.e4 e5 2.Nf3 Nc6 3.Bb5 a6 4.Ba4 Nf6 5.O-O b5 6.Bb3 Bb7 7.Re1 Bc5 8.c3 d6
9.d4 Bb6 10.Be3 O-O 11.dxe5 Nxe5 12.Bxb6 cxb6 13.Bc2 Re8 14.Nbd2 Ng6 15.a4 bxa4
16.Rxa4 d5 17.e5 Nd7 18.Nf1 Nc5 19.Rd4 Qc7 20.Bxg6 hxg6 21.Ne3 Rad8 22.Nxd5 Bxd5
23.Rxd5 Rxd5 24.Qxd5 Rd8 25.Qc4 b5 26.Qe2 Nd3 27.Ra1 Qb6 28.g3 Nc5 29.Rd1 Re8
30.Qe3 Qc7 31.Rd5 Na4 32.b3 Nb6 33.Rc5 Qb7 34.Qd3 Qa8 35.Qe3 Nd7 36.Rc7 Nxe5
37.Nxe5 f6 38.Qf3  1-0

[Event "Open"]
[Site "Voronezh RUS"]
[Date "2005.06.20"]
[Round "8"]
[White "Smolkov,I"]
[Black "Ponomariov,T"]
[Result "1-0"]
[WhiteElo "2288"]
[BlackElo "2236"]

1.e4 e5 2.Nf3 Nc6 3.Bb5 a6 4.Ba4 Nf6 5.O-O b5 6.Bb3 Bb7 7.Re1 Bc5 8.c3 d6
9.d4 Bb6 10.a4 O-O 11.Bg5 h6 12.Bh4 Re8 13.axb5 axb5 14.Rxa8 Bxa8 15.d5 Na7
16.c4 bxc4 17.Bxc4 Bc5 18.Nc3 Qb8 19.Na4 Bb4 20.Re3 Nd7 21.Rb3 c5 22.Nc3 Qc7
23.Nd2 Qa5 24.Bf1 Nb6 25.Qg4 Kh7 26.Qf5+ Kg8 27.Nb5 Nxb5 28.Rg3 Nxd5 29.exd5 Nd4
30.Rxg7+  1-0

[Event "zt 4.1"]
[Site "Taza MAR"]
[Date "2005.06.23"]
[Round "4"]
[White "Doghri,N"]
[Black "Asabri,Ha"]
[Result "1-0"]
[WhiteElo "2338"]
[BlackElo "2230"]

1.e4 e5 2.Nf3 Nc6 3.Bb5 a6 4.Ba4 Nf6 5.O-O b5 6.Bb3 Bb7 7.Re1 Bc5 8.c3 Bb6
9.d4 d6 10.Be3 O-O 11.Nbd2 h6 12.h3 exd4 13.cxd4 Nb4 14.Qb1 c5 15.a3 Nc6
16.e5 dxe5 17.dxc5 Bc7 18.Bxh6 gxh6 19.Qg6+ Kh8 20.Qxh6+ Nh7 21.Ne4 Nd4 22.Nxd4 exd4
23.Rad1 f5 24.Nd6 Bxd6 25.Qxd6 Qxd6 26.cxd6 Rfe8 27.Re6 Ng5 28.Rg6 Ne4 29.d7 Reb8
30.Rxd4 Kh7 31.Rb6 Nc5 32.Be6 Rd8 33.Bxf5+ Kg7 34.b4  1-0

[Event "6th EICC"]
[Site "Warsaw POL"]
[Date "2005.06.23"]
[Round "6"]
[White "Brkic,A"]
[Black "Stefansson,H"]
[Result "1/2-1/2"]
[WhiteElo "2477"]
[BlackElo "2573"]

1.e4 e5 2.Nf3 Nc6 3.Bb5 a6 4.Ba4 Nf6 5.O-O b5 6.Bb3 Bb7 7.d3 Be7 8.a4 O-O
9.Re1 d6 10.c3 Nb8 11.axb5 axb5 12.Rxa8 Bxa8 13.Nbd2 Nbd7 14.Nf1 Nc5 15.Bc2 Re8
16.Ng3 Bf8 17.b4 Ncd7 18.d4 h6 19.h3 Bb7 20.Qd3 c6 21.Nh4 d5 22.exd5 exd4
23.Rxe8 Qxe8 24.dxc6 Bxc6 25.Bd2 dxc3 26.Bxc3 Qe6 27.Nhf5 Qd5 28.Ne3 Qxd3
29.Bxd3 Nb6 30.Bxf6 gxf6 31.Ngf5 Nd5  1/2-1/2

[Event "6th EICC"]
[Site "Warsaw POL"]
[Date "2005.06.25"]
[Round "7"]
[White "Andreikin,D"]
[Black "Pavasovic,D"]
[Result "1/2-1/2"]
[WhiteElo "2495"]
[BlackElo "2593"]

1.e4 e5 2.Nf3 Nc6 3.Bb5 a6 4.Ba4 Nf6 5.O-O b5 6.Bb3 Bb7 7.d3 Be7 8.Re1 O-O
9.h3 Re8 10.a4 Na5 11.Ba2 Bf8 12.Bg5 h6 13.Bh4 c5 14.Nc3 b4 15.Bxf6 Qxf6
16.Nd5 Qd6 17.Nd2 g6 18.Qg4 Bg7 19.Re3 Rf8 20.Rf3 Kh7 21.Ne3 Qe7 22.h4 h5
23.Qg5 f6 24.Qg3 Bh6 25.Ndc4 Nxc4 26.Bxc4 Bxe3 27.fxe3 Rad8 28.Raf1 d5 29.Bxd5 Bxd5
30.exd5 Rxd5 31.e4 Rd6 32.b3 Rd7 33.Qh3 Rd6 34.Qg3  1/2-1/2

[Event "Torch Real Estate Cup"]
[Site "Xiapu CHN"]
[Date "2005.06.25"]
[Round "18"]
[White "Wu Xibin"]
[Black "Xie Jianjun"]
[Result "1-0"]
[WhiteElo "2390"]
[BlackElo "2391"]

1.e4 e5 2.Nf3 Nc6 3.Bb5 a6 4.Ba4 Nf6 5.O-O b5 6.Bb3 Bb7 7.d3 Bd6 8.c3 O-O
9.Re1 Re8 10.Nbd2 Na5 11.Bc2 c5 12.d4 cxd4 13.cxd4 Nc6 14.d5 Ne7 15.Bd3 Qb6
16.h3 Bc5 17.Re2 d6 18.Qe1 Nh5 19.Nb3 Ng6 20.Nxc5 dxc5 21.Re3 Ngf4 22.Bf1 Bc8
23.Kh2 Bd7 24.g3 Ng6 25.b3 Nf6 26.Rc3 Rec8 27.Bd2 Qd6 28.Rac1 Be8 29.R3c2 Ne7
30.Qe3 Nd7 31.Bc3 f5 32.Rd2 fxe4 33.Qxe4 Bg6 34.Qe1 e4 35.Ng5 Nxd5 36.Rcd1 N7b6
37.Nxe4 Qe7 38.Bg2 Bxe4 39.Rxd5 Nxd5 40.Rxd5 Re8 41.Re5 Qf7 42.Qxe4 Rxe5
43.Qxe5 Re8 44.Bd5 Rxe5 45.Bxf7+ Kxf7 46.Bxe5  1-0